书目信息 |
| 题名: |
计算机组装与维修实用教程
|
|
| 作者: | 孙印杰 主编 ;孟昭宏 编著 | |
| 分册: | ||
| 出版信息: | 北京 电子工业出版社 2004.06 |
|
| 页数: | 306页 | |
| 开本: | 26cm | |
| 丛书名: | 金钥匙计算机教育丛书 | |
| 单 册: | ||
| 中图分类: | TP3 | |
| 科图分类: | ||
| 主题词: | 电子计算机--dian zi ji suan ji--组装(机械) , 电子计算机--dian zi ji suan ji--维修 | |
| 电子资源: | ||
| ISBN: | 7-120-00094-2 | |
| 000 | 01080nam 2200265 450 | |
| 001 | 0161676743 | |
| 005 | 20051110102306.48 | |
| 010 | @a7-120-00094-2@dCNY24.00 | |
| 100 | @a20050125d2004 km y0chiy0120 ea | |
| 101 | 0 | @achi |
| 102 | @aCN@b110000 | |
| 105 | @aa z 000yy | |
| 200 | 1 | @a计算机组装与维修实用教程@Aji suan ji zu zhuang yu wei xiu shi yong jiao cheng@f孙印杰主编@Fsun yin jie zhu bian@g孟昭宏 … [等]编著@Gmeng zhao hong…[deng]bian zhu |
| 210 | @a北京@c电子工业出版社@d2004.06 | |
| 215 | @a306页@c图@d26cm | |
| 225 | 2 | @a金钥匙计算机教育丛书@Ajin yue chi ji suan ji jiao yu cong shu |
| 330 | @a本书介绍组装与维修计算机的方法与技巧,涉及计算机基础知识、各种配件与外部设备的基本知识、性能指标、分类及选购,以及安装操作系统和外设驱动程序等。 | |
| 410 | 0 | @12001 @a金钥匙计算机教育丛书 |
| 606 | 0 | @a电子计算机@Adian zi ji suan ji@x组装(机械) |
| 606 | 0 | @a电子计算机@Adian zi ji suan ji@x维修 |
| 690 | @aTP3@v4 | |
| 701 | 0 | @a孙印杰@Asun yin jie@4主编 |
| 702 | 0 | @a孟昭宏@Ameng zhao hong@4编著 |
| 801 | 0 | @aCN@bQSSK@c20051110 |
| 905 | @a10447@dTP3@eS972 | |
| 计算机组装与维修实用教程/孙印杰主编/孟昭宏 … [等]编著.-北京:电子工业出版社,2004.06 |
| 306页:图;26cm.-(金钥匙计算机教育丛书) |
| ISBN 7-120-00094-2:CNY24.00 |
| 本书介绍组装与维修计算机的方法与技巧,涉及计算机基础知识、各种配件与外部设备的基本知识、性能指标、分类及选购,以及安装操作系统和外设驱动程序等。 |
| ● |
| 相关链接 |
|
|
|
正题名:计算机组装与维修实用教程
索取号:TP3/S972
 
预约/预借
| 序号 | 登录号 | 条形码 | 馆藏地/架位号 | 状态 | 备注 |
| 1 | 577189 | 205771896 | 自科库301/301自科库 44排1列1层/ [索取号:TP3/S972] | 在馆 | |
| 2 | 577190 | 205771903 | 自科库301/301自科库 44排1列1层/ [索取号:TP3/S972] | 在馆 | |
| 3 | 577191 | 205771912 | 自科二线404/404自科库 18排4列3层/ [索取号:TP3/S972] | 在馆 |